000 01094 a2200205 4500
001 54209
005 20260407155812.0
008 260407a1967 arg spa d
003 AR-UNSa-BCEJYS
040 _aAR-UNSa-BCEJYS
_bspa
_cAR-UNSa-BCEJYS
080 _a338.23:336.74
_xPolítica monetaria
245 1 0 _aTécnicas de control monetario
264 1 _aMéxico :
_bLimusa-Wiley
_c1967
300 _a250 p.
_c19 cm.
505 _a1. Innovaciones en la teoría de la banca central: Juicio crítico y examen preliminar - 2. Contraste entre operaciones de mercado abierto y variación del encaje legal - 3. Reservas legales complementarias para operaciones en valores - 4. Operaciones de mercado abierto;la doctrina de "sólo documentos" y la estabilización económica - 5. Tasa bancaria,tasa de redescuento y otras tasas de interés - 6. Influencia de la persuación moral - 7. Contraste entre bancos de depósito e intermediarios financieros - 8. Control de los depósitos a plazo
041 _aspa
942 _cBK
590 _aniveau_biblio:m niveau_hierar:0
100 1 _aAschheim, Joseph
999 _c5380
_d5380